书目信息 |
| 题名: |
创新创业基础
|
|
| 作者: | 刘志阳 , 林嵩 , 路江涌 主编 | |
| 分册: | ||
| 出版信息: | 北京 机械工业出版社 2025.04 |
|
| 页数: | 261页 | |
| 开本: | 26cm | |
| 丛书名: | ||
| 单 册: | ||
| 中图分类: | G647.38-43 | |
| 科图分类: | ||
| 主题词: | 大学生--创业--高等学校--教材 | |
| 电子资源: | ||
| ISBN: | 978-7-111-77746-5 | |
| 000 | 01306nam0 2200289 450 | |
| 001 | 013639861 | |
| 005 | 20251022192053.98 | |
| 010 | @a978-7-111-77746-5@dCNY59.00 | |
| 100 | @a20250604d2025 em y0chiy0120 ea | |
| 101 | 0 | @achi |
| 102 | @aCN@b110000 | |
| 105 | @aa z 000yy | |
| 106 | @ar | |
| 200 | 1 | @a创新创业基础@9chuang xin chuang ye ji chu@dFoundation of innovation and entrepreneurship@f刘志阳,林嵩,路江涌主编@zeng |
| 205 | @a2版 | |
| 210 | @a北京@c机械工业出版社@d2025.04 | |
| 215 | @a261页@c图@d26cm | |
| 300 | @a文渊管理学系列 国家级一流本科课程教材 国家精品在线开放课程教材 | |
| 330 | @a本书基于数智时代背景,从创新创业基础理论、思维和能力三个层面展开,不仅盖了认识创业、创新基础、创业者、精益创业、创业机会、可行性分析、商业模式、创业团队、创业融资企业创建与成长等核心内容,还融入了社会创业等新内容。针对创业项目选择、创业团队组建、创业计划编写、创业融资、初创企业管理等初创团队可能遇到的问题,本书提供了系统的理论知识和相关解决方案。 | |
| 510 | 1 | @aFoundation of innovation and entrepreneurship@zeng |
| 606 | 0 | @a大学生@x创业@x高等学校@j教材 |
| 690 | @aG647.38-43@v5 | |
| 701 | 0 | @a刘志阳@9liu zhi yang@4主编 |
| 701 | 0 | @a林嵩@9lin song@4主编 |
| 701 | 0 | @a路江涌@9lu jiang yong@4主编 |
| 801 | 0 | @aCN@c20250905 |
| 905 | @a河南城建学院图书馆@dG647.38@eL738=2@ZL738=2@f1 | |
| 创新创业基础=Foundation of innovation and entrepreneurship/刘志阳,林嵩,路江涌主编.-2版.-北京:机械工业出版社,2025.04 |
| 261页:图;26cm |
| 文渊管理学系列 国家级一流本科课程教材 国家精品在线开放课程教材 |
| ISBN 978-7-111-77746-5:CNY59.00 |
| 本书基于数智时代背景,从创新创业基础理论、思维和能力三个层面展开,不仅盖了认识创业、创新基础、创业者、精益创业、创业机会、可行性分析、商业模式、创业团队、创业融资企业创建与成长等核心内容,还融入了社会创业等新内容。针对创业项目选择、创业团队组建、创业计划编写、创业融资、初创企业管理等初创团队可能遇到的问题,本书提供了系统的理论知识和相关解决方案。 |
| ● |
| 相关链接 |
|
|
|
正题名:创新创业基础
索取号:G647.38/L738=2
 
预约/预借
| 序号 | 登录号 | 条形码 | 馆藏地/架位号 | 状态 | 备注 |
| 1 | 1631523 | 216315235 | 社科库409/409社科库 13排4列2层/ [索取号:G647.38/L738=2] | 在馆 |